• 首页
  • 本馆介绍
  • 公告通知
  • 最新文献
  • 馆藏检索
  • 电子资源
  • 读者导购
  • 参考咨询
  • 我的图书馆
  • 登录
  • 详细信息显示
  • 放入我的书架
  • 预约/预借图书
  • 作者相关作品
  • 分类相关作品
  • 丛书相关作品
  • 出版社相关作品

书目信息

  • 表格格式
  • 工作单格式
  • 卡片格式
题名:
初级中学几何第一册教学参考书
    
 
作者: ;人民教育出版社数学室 编
分册:  
出版信息: 北京   人民教育出版社  1989.12
页数: 262页
开本: 19cm
丛书名:
单 册:
中图分类: G633.6 , G633.63
科图分类:
主题词: 平面几何--初中--教学参考资料 , 教育--各级
电子资源:
ISBN: 7-107-00333-X
000 00840nam0 2200253 45
001 0192009314
005 20070619161240.89
010    @a7-107-00333-X@dCNY0.84
020    @aCN@b92009314
100    @a19920818e19921989em y0chiy0121 ea
101 0  @achi
102    @aCN@b620000
105    @ay z 000yy
200 10 @a初级中学几何第一册教学参考书@Achu ji zhong xue ji he di yi ce jiao xuecan kao shu@f人民教育出版社数学室编@Fren min jiao yu chu ban she shu xueshi bian
210    @a北京@c人民教育出版社@d1989.12@h1992.5重印
215    @a262页@d19cm
540 1  @a几何@Aji he
606    @a平面几何@x初中@x教学参考资料
606 0  @a教育@x各级
690    @aG633.6@v3
690    @aG633.63@v3
711 02 @a人民教育出版社数学室@Aren min jiao yu chu ban she shu xue shi@4编
801  0 @aCN@bNLC@c20070619
905    @dG633.6@e156:1@f1@b210879
    
    初级中学几何第一册教学参考书/人民教育出版社数学室编.-北京:人民教育出版社,1989.12(1992.5重印)
    262页;19cm
    
    
    ISBN 7-107-00333-X:CNY0.84
    
●
相关链接 在E读中查询图书 在五车中查询图书 在当当中查询图书 在豆瓣中查询图书


正题名:初级中学几何第一册教学参考书     索取号:G633.6/156:1         预约/预借

序号 登录号 条形码 馆藏地/架位号 状态 备注
1 0210878   000241544   第一样本阅览室/ [索取号:G633.6/156:1] 在馆    
2 0210879   001949672   密集书库/ [索取号:G633.6/156:1] 在馆    
3 0210880   000240251   密集书库/ [索取号:G633.6/156:1] 在馆    
4 0210881   000240322   密集书库/ [索取号:G633.6/156:1] 在馆    
5 0210882   000240313   密集书库/ [索取号:G633.6/156:1] 在馆    
6 0654046   206540466   库房3/ [索取号:G633.6/156:1] 在馆    
欢迎您!
大连网信软件有限公司© 版权所有